Spectacles et désordre à Alexandrie : Dion de Pruse, Discours aux Alexandrins /

محفوظ في:

المؤلف الرئيسي: Dio, Chrysostom (مؤلف)

مؤلفون آخرون: Kasprzyk, Dimitri., Vendries, Christophe.

التنسيق: كتاب

اللغة: French
Ancient Greek

منشور في: Rennes : Presses universitaires de Rennes, [2012].

سلاسل: Collection Histoire.

الموضوعات:

الوسوم: إضافة وسم

لا توجد وسوم, كن أول من يضع وسما على هذه التسجيلة!

رقم الطلب: PA3965 .D2 A3

LEADER 01090nam a22003017a 4500
003 OSt
005 20251006113901.0
008 251006t2012 fr a b 001 0 fre d
020 |a 275352050X 
020 |a 9782753520509 
040 |c ARCE Library 
041 1 |a fre  |a grc  |h grc 
050 1 4 |a PA3965 .D2   |b A3 
100 0 |a Dio,  |c Chrysostom,  |e author 
245 1 0 |a Spectacles et désordre à Alexandrie :   |b Dion de Pruse, Discours aux Alexandrins /   |c traduction et commentaire par Dimitri Kasprzyk et Christophe Vendries. 
246 3 0 |a Discours aux Alexandrins. 
264 1 |a Rennes :   |b Presses universitaires de Rennes,   |c [2012]. 
300 |a 214 pages :   |b illustrations ;   |c 24 cm.  
490 0 |a Collection Histoire. 
504 |a Includes bibliographical references (pages 189-194) and indexes. 
555 |a Hadeer 
600 0 0 |a Dio,  |c Chrysostom.  |t Speeches. 
650 0 |a Speeches, addresses, etc., Greek  |v Translations into French.  |9 13527 
700 1 |a Kasprzyk, Dimitri.  |9 33633 
700 1 |a Vendries, Christophe.  |9 41609 
901 |a reviewed 
942 |c BK  |2 lcc 
999 |c 24382  |d 24382